Vyššia cena- -ale potom už len samé výhody

Bibliographic Details
Main Author: Čukan, Štefan (Author)
Format: Article
Language:Slovak
PhysicalDescription:Fotogr.
ISSN:1337-088X
Subjects:

MARC

LEADER 00000nab a2200000 a 4500
001 vtls010066498
003 SK-MaSNL
005 20260304172919.0
008 250526c2009 xo |||||||||||000 b|slo
015 |a SNBRB2010/02  |2 snkbucl 
035 |a urn:nbn:sk:snk-ab858m 
035 |a (urnnbn)urn:nbn:sk:snk:ar-006azy 
035 |a (uuid)f19505ef-c060-4064-b7e0-a960a2f7ad7c 
038 |a SNKBUCL 
040 |a SNKBUCL  |b slo  |c SNKBUCL  |e AACR2 
041 0 |a slo 
044 |a xo  |c SK 
080 |a 630*232  |2 1997 
100 1 |a Čukan, Štefan  |4 aut  |9 553675 
245 1 0 |a Vyššia cena- -ale potom už len samé výhody  |c Štefan Čukan 
300 |b Fotogr. 
650 0 7 |a sadenice lesných stromov  |2 snkbucl  |9 474624 
650 0 7 |a krytokorenné sadenice  |2 snkbucl  |9 1502816 
773 0 |t Les & Letokruhy  |g Roč. 65/8, č. 11-12 (2009), s. 29  |x 1337-088X 
850 |a Slovenská národná knižnica 
852 |a Slovenská národná knižnica 
954 |a odborná, vedecká literatúra pôvodná (slovenská)  |2 lita 
958 |a ONDV 
958 |a article9 
999 |c 3000710  |d 3002640